000 00939nam a22002537a 4500
999 _c2302
_d2302
003 AR-CdUCM
008 190304b ||||| |||| 00| 0 spa d
040 _aMUNICIPALIDAD PROVINCIAL DEL CUSCO
_cBIBLIOTECA MUNICIPAL DEL CUSCO
041 _hfre
082 _a928 /
_bC71
100 _aClouard, Henri
_98308
245 _aCientíficos Escritores Y Artistas /
_bAlejandro Dumas /
260 _aMéxico D. F. :
_bGrijalbo,
_c1957.
300 _a386 páginas ;
_bilustraciones,
_c22 cm.
440 _aBiografías Gandesa.
_94521
505 _aContenido: El verde paraíso -- La adolescencia encantada -- Primeros años de París -- Grandes lecciones -- Dumas se adueña de la escena -- Los laureles de París ...
650 _aBiografía
_944068
650 _aFrancia
_91444
650 _aLiteratura
_983
700 _aHernández, Juan Luis
_98309
700 _aPalomar, José (traductores)
_98310
942 _2ddc
_cLIBROS
945 _aachl